00582nam a22001937a 450000500170000001000130001702000100003003500130004003700160005304000120006908200130008110000250009424500800011926000360019927000780023530000250031365000230033865000270036120170124110110.0 aA-381904 c00.00 aA-381904 bCen Lib/Ret aDPLbEN a920bRAM aRaman, Varadaraja V. aSatanama :cby Varadaraja V. Ramanbhundred great names from India's past / aBombaybPopular Prakashanc1989 bBombaya35-C, Pandit Madan Mohan Malviya Marg, Popular Press Bldge400034 axii,243p. c21cm(Hb) aIndia -- Biography aSocial life -- History